000 00420nam a2200157Ia 4500
005 20250612171059.0
008 008 250505s9999 xx 000 0 eng d
020 _a9789393850829
040 _beng
_cILCL
041 _aeng
_2eng
100 _aMurray, David
245 0 _aLawyer's Merriments
260 _aDelhi
_bLaw and Justice Publishing Company
_c2023
300 _a302p.
942 _cTB
_2Colon Classification
999 _c1311874
_d1311874